[Event "Landesliga Nord 1415"]
[Site "Bayern"]
[Date "2015.04.12"]
[Round "9.1"]
[White "Englert, Fabian"]
[Black "Kreuzer, Martin"]
[Result "1/2-1/2"]
[WhiteElo "2371"]
[BlackElo "2265"]
[PlyCount "138"]
[EventDate "2014.10.19"]
[EventType "team-tourn"]
[EventRounds "9"]
[EventCountry "GER"]
[SourceTitle "EXT 2018"]
[Source "ChessBase"]
[SourceDate "2017.10.13"]
[SourceVersion "1"]
[SourceVersionDate "2017.10.13"]
[SourceQuality "1"]
[WhiteTeam "Klingenberg"]
[BlackTeam "Kelheim"]
[WhiteTeamCountry "GER"]
[BlackTeamCountry "GER"]

1. c4 c6 2. Nf3 d5 3. e3 Nf6 4. Nc3 e6 5. b3 Nbd7 6. Qc2 Bd6 7. Bb2 0-0 8. Be2 Re8 9. Rg1 Qe7 10. g4 Ne5 11. Nxe5 Bxe5 12. g5 Nd7 13. d4 Bd6 14. h4 b6 15. Bd3 Nf8 16. 0-0-0 Ba3 17. Bxa3 Qxa3+ 18. Kb1 Bb7 19. h5 e5 20. Bxh7+ Nxh7 21. g6 fxg6 22. Qxg6 Qf8 23. h6 Re7 24. dxe5 Qf7 25. Qd6 Rd7 26. Qxd7 Qxd7 27. Rxg7+ Qxg7 28. hxg7 Kxg7 29. e4 d4 30. Rxd4 Nf8 31. f4 Kf7 32. f5 Re8 33. e6+ Kf6 34. Rd2 Ke5 35. Rg2 Re7 36. Rg8 Nh7 37. Kb2 Nf6 38. Rf8 c5 39. Nd5 Bxd5 40. exd5 Nh7 41. Rd8 Kxf5 42. Rd7 Kf6 43. d6 Re8 44. e7 Ke6 45. Rd8 Nf6 46. Ka3 a6 47. Ka4 Kf7 48. a3 Ke6 49. b4 cxb4 50. axb4 Kf7 51. c5 bxc5 52. bxc5 Ne4 53. Kb4 a5+ 54. Kb5 a4 55. Kc6 Nf6 56. d7 Nxd7 57. Rxd7 Rxe7 58. Rd1 a3 59. Kb6 Re2 60. c6 Rb2+ 61. Kc7 a2 62. Ra1 Ke7 63. Kc8 Rc2 64. c7 Rb2 65. Re1+ Kf7 66. Kd7 Rd2+ 67. Kc8 Rb2 68. Ra1 Ke7 69. Re1+ Kf7 1/2-1/2

[Event "Landesliga Nord 1314"]
[Site "Bayern"]
[Date "2014.04.06"]
[Round "9.1"]
[White "Kreuzer, Martin"]
[Black "Englert, Fabian"]
[Result "1/2-1/2"]
[WhiteElo "2340"]
[BlackElo "2282"]
[PlyCount "71"]
[EventDate "2013.10.13"]
[EventType "team"]
[EventRounds "9"]
[EventCountry "GER"]
[SourceTitle "EXT 2015"]
[Source "ChessBase"]
[SourceDate "2014.11.20"]
[SourceVersion "1"]
[SourceVersionDate "2014.11.20"]
[SourceQuality "1"]
[WhiteTeam "Kelheim"]
[BlackTeam "Klingenberg/Main"]
[WhiteTeamCountry "GER"]
[BlackTeamCountry "GER"]

1. e4 c5 2. Nf3 d6 3. d4 cxd4 4. Nxd4 Nf6 5. Nc3 a6 6. Be2 Nbd7 7. Be3 e6 8. f4 Be7 9. 0-0 0-0 10. a4 Qc7 11. Bf3 Nb6 12. Kh1 Re8 13. Qe1 Nc4 14. Bc1 e5 15. Nde2 b6 16. b3 Na5 17. Qd2 Bb7 18. Bb2 Rac8 19. Rac1 Bf8 20. Ng3 g6 21. fxe5 dxe5 22. Qg5 h6 23. Qe3 Qc5 24. Qe1 h5 25. Bxh5 Nxh5 26. Nxh5 gxh5 27. Qh4 Re6 28. Qxh5 Rg6 29. Rf3 Qe7 30. Rh3 Bh6 31. Rf1 Qg5 32. Qf3 Qf4 33. Qd3 Qd2 34. Qf3 Qf4 35. Qd3 Qd2 36. Qf3 1/2-1/2

[Event "Landesliga Nord 1314"]
[Site "Bayern"]
[Date "2014.01.19"]
[Round "5.1"]
[White "Kreuzer, Martin"]
[Black "Golda, Harald"]
[Result "0-1"]
[WhiteElo "2340"]
[BlackElo "2342"]
[PlyCount "144"]
[EventDate "2013.10.13"]
[EventType "team"]
[EventRounds "9"]
[EventCountry "GER"]
[SourceTitle "EXT 2015"]
[Source "ChessBase"]
[SourceDate "2014.11.20"]
[SourceVersion "1"]
[SourceVersionDate "2014.11.20"]
[SourceQuality "1"]
[WhiteTeam "Kelheim"]
[BlackTeam "Schweinfurt"]
[WhiteTeamCountry "GER"]
[BlackTeamCountry "GER"]

1. e4 e5 2. Nf3 Nc6 3. Bc4 Bc5 4. c3 Nf6 5. d3 0-0 6. 0-0 d6 7. h3 a6 8. Bb3 Ba7 9. Re1 Ne7 10. Nbd2 Ng6 11. Nf1 Be6 12. d4 Re8 13. Bxe6 Rxe6 14. Ng3 Re8 15. Qb3 Rb8 16. a4 h6 17. Be3 exd4 18. Bxd4 Bxd4 19. cxd4 c6 20. Rad1 Qa5 21. Qa3 Qc7 22. Qc3 Qd7 23. a5 Re6 24. Nd2 Rbe8 25. f3 Nd5 26. Qb3 Ndf4 27. Nf5 Ne7 28. Ne3 Rg6 29. Kf2 d5 30. Rh1 dxe4 31. Nxe4 Ned5 32. g4 Nxe3 33. Qxe3 Nd5 34. Qd2 Qd8 35. h4 Nf6 36. Nxf6+ Rxf6 37. Kg2 Qd5 38. Rhf1 Rfe6 39. Rfe1 Qd8 40. Rxe6 Rxe6 41. h5 Qe7 42. Kf2 Qd6 43. Kg2 Qd5 44. Re1 c5 45. Rxe6 fxe6 46. Qf4 cxd4 47. Qb8+ Kf7 48. Qc7+ Kf8 49. Qb8+ Ke7 50. Qc7+ Qd7 51. Qe5 Kf7 52. Kf2 d3 53. Ke1 Qc6 54. Qf4+ Kg8 55. b4 Qc3+ 56. Qd2 Qd4 57. Kd1 Kh8 58. Qe1 Qb2 59. Qe3 Qxb4 60. Qxd3 Qxa5 61. Qg6 Qd8+ 62. Ke2 Qf6 63. Qc2 Qe5+ 64. Kf1 Qd5 65. Qc8+ Kh7 66. Qc2+ Kg8 67. Qc8+ Kf7 68. Qc7+ Kf8 69. Qf4+ Ke7 70. Qc7+ Qd7 71. Qc5+ Kf7 72. Qe5 Qb5+ 0-1

[Event "Landesliga Nord 1213"]
[Site "Bayern"]
[Date "2013.04.14"]
[Round "9.1"]
[White "Kreuzer, Martin"]
[Black "Oehrlein, Thomas"]
[Result "1/2-1/2"]
[WhiteElo "2325"]
[BlackElo "2180"]
[PlyCount "45"]
[EventDate "2012.10.14"]
[EventType "team-tourn"]
[EventRounds "9"]
[EventCountry "GER"]
[SourceTitle "EXT 2015"]
[Source "ChessBase"]
[SourceDate "2014.11.20"]
[SourceVersion "1"]
[SourceVersionDate "2014.11.20"]
[SourceQuality "1"]
[WhiteTeam "Kelheim"]
[BlackTeam "Bamberg"]
[WhiteTeamCountry "GER"]
[BlackTeamCountry "GER"]

1. e4 c5 2. Nf3 Nc6 3. d4 cxd4 4. Nxd4 e6 5. Nb5 d6 6. c4 Nf6 7. N5c3 Be7 8. Be2 0-0 9. 0-0 b6 10. f4 e5 11. f5 Nd4 12. Bd3 Kh8 13. Be3 g6 14. fxg6 Ng4 15. Bxd4 exd4 16. Nd5 fxg6 17. Be2 Rxf1+ 18. Bxf1 Bf6 19. Nxf6 Qxf6 20. Qf3 Qg7 21. e5 d5 22. Qxd5 Qh6 23. Qd8+ 1/2-1/2

[Event "Landesliga Nord 1213"]
[Site "Bayern"]
[Date "2013.02.24"]
[Round "7.1"]
[White "Golda, Harald"]
[Black "Kreuzer, Martin"]
[Result "1-0"]
[WhiteElo "2286"]
[BlackElo "2325"]
[PlyCount "81"]
[EventDate "2012.10.14"]
[EventType "team-tourn"]
[EventRounds "9"]
[EventCountry "GER"]
[SourceTitle "EXT 2015"]
[Source "ChessBase"]
[SourceDate "2014.11.20"]
[SourceVersion "1"]
[SourceVersionDate "2014.11.20"]
[SourceQuality "1"]
[WhiteTeam "Schweinfurt"]
[BlackTeam "Kelheim"]
[WhiteTeamCountry "GER"]
[BlackTeamCountry "GER"]

1. d4 d5 2. Nf3 c6 3. c4 Nf6 4. Nc3 e6 5. e3 Nbd7 6. Bd3 dxc4 7. Bxc4 b5 8. Bd3 a6 9. e4 c5 10. d5 c4 11. dxe6 fxe6 12. Bc2 Qc7 13. 0-0 Bb7 14. Ne2 Bd6 15. Ned4 Nc5 16. b4 Ncxe4 17. Nxe6 Qd7 18. Nfd4 Bxb4 19. Bf4 Bc3 20. Nf5 Qxd1 21. Raxd1 Kf7 22. Nc7 Rad8 23. f3 Nd2 24. Rfe1 Nxf3+ 25. gxf3 Rxd1 26. Rxd1 Bxf3 27. Rd6 g6 28. Nd4 Bxd4+ 29. Rxd4 Rc8 30. Be5 g5 31. Rd6 Ne4 32. Rd7+ Kg6 33. Nd5 Re8 34. Bd4 Re6 35. Ne7+ Kh5 36. Nf5 Nf6 37. Ng7+ Kh4 38. Bf2+ Kh3 39. Bf5+ Bg4 40. Nxe6 Nxd7 41. Nxg5# 1-0

[Event "Landesliga Nord 1112"]
[Site "Bayern"]
[Date "2012.04.15"]
[Round "9.1"]
[White "Golda, Harald"]
[Black "Kreuzer, Martin"]
[Result "0-1"]
[WhiteElo "2306"]
[BlackElo "2335"]
[PlyCount "46"]
[EventDate "2011.10.02"]
[EventType "team-tourn"]
[EventRounds "9"]
[EventCountry "GER"]
[SourceTitle "EXT 2015"]
[Source "ChessBase"]
[SourceDate "2014.11.20"]
[SourceVersion "1"]
[SourceVersionDate "2014.11.20"]
[SourceQuality "1"]
[WhiteTeam "Schweinfurt"]
[BlackTeam "Kelheim"]
[WhiteTeamCountry "GER"]
[BlackTeamCountry "GER"]

1. d4 d5 2. Nf3 c6 3. c4 Nf6 4. Nc3 e6 5. e3 Nbd7 6. Bd3 dxc4 7. Bxc4 b5 8. Bd3 a6 9. e4 c5 10. d5 c4 11. dxe6 fxe6 12. Bc2 Qc7 13. 0-0 Bb7 14. e5 Nxe5 15. Nxe5 Qxe5 16. Re1 Qd6 17. Bg5 Qxd1 18. Raxd1 Bc5 19. Bxf6 gxf6 20. Be4 Bxe4 21. Nxe4 Bb4 22. Nd6+ Ke7 23. Nf5+ Kf7 0-1

[Event "Landesliga Nord 1011"]
[Site "Bayern"]
[Date "2011.02.06"]
[Round "6.1"]
[White "Kreuzer, Martin"]
[Black "Delitzsch, Juergen"]
[Result "1/2-1/2"]
[WhiteElo "2335"]
[BlackElo "2222"]
[PlyCount "34"]
[EventDate "2010.10.10"]
[EventType "team-tourn"]
[EventRounds "9"]
[EventCountry "GER"]
[SourceTitle "EXT 2012"]
[Source "ChessBase"]
[SourceDate "2011.11.24"]
[SourceVersion "1"]
[SourceVersionDate "2011.11.24"]
[SourceQuality "1"]
[WhiteTeam "Kelheim"]
[BlackTeam "Bindlach II"]
[WhiteTeamCountry "GER"]
[BlackTeamCountry "GER"]

1. e4 c5 2. Nf3 Nc6 3. d4 cxd4 4. Nxd4 g6 5. c4 Nf6 6. Nc3 d6 7. Be2 Nxd4 8. Qxd4 Bg7 9. Qe3 0-0 10. 0-0 Be6 11. Bd2 a5 12. b3 Nd7 13. Rac1 Nc5 14. Nd5 Bxd5 15. exd5 Qd7 16. Rfe1 Rfe8 17. Bf1 Qg4 1/2-1/2

[Event "Landesliga Nord 0809"]
[Site "Bayern"]
[Date "2008.12.14"]
[Round "4.1"]
[White "Golda, Harald"]
[Black "Kreuzer, Martin"]
[Result "1/2-1/2"]
[WhiteElo "2298"]
[BlackElo "2337"]
[PlyCount "123"]
[EventDate "2008.10.05"]
[EventType "team-tourn"]
[EventRounds "9"]
[EventCountry "GER"]
[SourceTitle "EXT 2020"]
[Source "ChessBase"]
[SourceDate "2019.10.17"]
[SourceVersion "1"]
[SourceVersionDate "2019.10.17"]
[SourceQuality "1"]
[WhiteTeam "Schweinfurt"]
[BlackTeam "Kelheim"]
[WhiteTeamCountry "GER"]
[BlackTeamCountry "GER"]

1. d4 d5 2. Nf3 c6 3. c4 Nf6 4. Nc3 e6 5. e3 Nbd7 6. Bd3 dxc4 7. Bxc4 b5 8. Bd3 a6 9. a4 b4 10. Nb1 c5 11. 0-0 Bb7 12. Nbd2 Be7 13. Qe2 0-0 14. e4 cxd4 15. e5 Nd5 16. Qe4 g6 17. Nb3 Rb8 18. Qxd4 f5 19. Bh6 Re8 20. a5 Ra8 21. Rac1 Qb8 22. Rfe1 Qa7 23. Qxa7 Rxa7 24. Nfd4 Kf7 25. Nc6 Bxc6 26. Rxc6 Nb8 27. Rcc1 g5 28. h4 gxh4 29. Bc4 Rd8 30. Nd4 Rb7 31. Bb3 Nf4 32. Nc6 Nxc6 33. Rxc6 Nd5 34. Rxa6 Rdd7 35. Rc6 Rdc7 36. Rec1 Rd7 37. Rd1 Rb5 38. a6 Bc5 39. Bxd5 Rxd5 40. Rxd5 exd5 41. Be3 Bxe3 42. fxe3 Ra5 43. Rf6+ Kg7 44. Rb6 Kf7 45. Rxb4 Rxa6 46. Rxh4 Ra1+ 47. Kf2 Rb1 48. Rxh7+ Ke6 49. Rb7 Kxe5 50. Rb8 Kd6 51. b4 Kc7 52. Rf8 Rxb4 53. Rxf5 Kd6 54. Rf4 Rb8 55. g4 Ke5 56. Kf3 Rb1 57. g5 Rf1+ 58. Kg4 Rg1+ 59. Kh5 Rg3 60. Rf8 Ke4 61. Kh4 Rg1 62. Re8+ 1/2-1/2